| 000 | 06112cam a22005777i 4500 | ||
|---|---|---|---|
| 001 | 17995492 | ||
| 003 | OSt | ||
| 005 | 20260428165745.0 | ||
| 008 | 140111s2014 nyua b 001 0 eng d | ||
| 010 | _a 2014930735 | ||
| 020 | _a9780500517277 | ||
| 020 | _a9780500517277 | ||
| 035 | _a17995492 | ||
| 035 | _a(OCoLC)870199847 | ||
| 040 |
_aYDXCP _beng _cFoundation University _dFoundation University |
||
| 042 | _alccopycat | ||
| 050 | 0 | 0 |
_aNK 2115 _b.B73 2014 |
| 100 | 1 |
_aBradbury, Dominic, _eauthor. _915604 |
|
| 245 | 1 | 0 |
_aMid-century modern complete / _cDominic Bradbury. |
| 264 | 1 |
_aNew York : _bAbrams, _c2014. _42014 |
|
| 300 |
_a544 pages : _bcolor illustrations ; _c32 cm _3books _fbooks |
||
| 336 |
_atext _btxt _2rdacontent |
||
| 336 |
_astill image _bsti _2rdacontent |
||
| 337 |
_aunmediated _bn _2rdamedia |
||
| 338 |
_avolume _bnc _2rdacarrier _3n |
||
| 500 | _a"With over 1,000 illustrations." | ||
| 500 | _aOriginally published in the United Kingdom in 2014 by Thames and Hudson Ltd, London--Title page verso. | ||
| 504 | _aIncludes bibliographical references (pages 537-538) and index. | ||
| 505 | 0 | _aIntroduction -- I. Media and Masters -- Furniture -- 'Collecting Mid-century design' / Richard Wright -- 'Scandinavian furniture: Mid-century phenomenon' / Judith Gura -- Eero Aarnio -- Harry Bertoia -- Joe Colombo -- Robin Day -- Charles & Ray Eames -- Arne Jacobsen -- Poul Kjærholm -- Carlo Mollino -- George Nakashima -- George Nelson -- Verner Panton -- Pierre Paulin -- Warren Platner -- Gio Ponti -- Jean Prouvé -- Ernest Race -- Jens Risom -- Sergio Rodrigues -- Eero Saarinen -- Joaquim Tenreiro -- Hans Wegner -- Edward Wormley -- Lighting -- 'Lighting design in Italy' / Alberto Bassi -- Achille & Pier Giacomo Castiglioni -- Poul Henningsen -- Le Klint -- Vico Magistretti -- Serge Mouille -- Isamu Noguchi -- Jean Royère -- Gino Sarfatti -- Glass and ceramics -- 'Glass design: Post-1945 transatlantic aesthetics' / Joy McCall -- 'Mid-century ceramics' / Alun Graves -- Hans Coper -- Kaj Franck -- Gustavsberg Pottery (Wilhelm Kåg, Stig Lindberg & Berndt Friberg) -- Vicke Lindstrand -- Gertrud & Otto Natzler -- Lucie Rie -- Axel Salto -- Timo Sarpaneva -- Paolo Venini -- Russel Wright -- Textiles -- 'Utility to contemporary: Texiles in the mid-century home' / Daniel Heath -- 'Artist-designed textiles: 1945-1970' / Sue Prichard -- Florence Broadhurst -- Lucienne Day -- Josef Frank -- Alexander Girard -- David Hicks -- Jack Lenor Larsen -- Marimekko -- Product and industrial design -- 'From computers to corporate identity: Cold War-era design' / Jana Scholze -- 'Mid-century product design in Germany' / Klaus Klemp -- Corradino d'Ascanio -- Kenneth Grange -- Alec Issigonis -- Jacob Jensen -- Raymond Loewy -- David Mellor -- Marcello Nizzoli -- Dieter Rams -- Richard Sapper & Marco Zanuso -- Ettore Sottsass -- Graphics and posters -- 'Mid-century confluences: Type, design and technology' / Steven Heller -- 'The travel poster in the mid-century' / Sophie Churcher -- Saul Bass -- Max Bill & Otl Aicher -- Wim Crouwel -- Alan Fletcher -- Adrian Frutiger -- Abram Games -- Charley Harper -- Jock Kinneir & Margaret Calvert -- Herbert Matter -- Max Miedinger -- Paul Rand -- II. Houses and interiors -- 'Collecting the mid-century house' / Matt Gibberd -- 'On restoring modernism: The purist and the pragmatist' / Michael Boyd -- Alvar Aalto: Maison Louis Carré, France -- Lina Bo Bardi: Glass House, Brazil -- Antonio Bonet: La Ricarda, Spain -- Marcel Breuer: Stillman House II, USA -- Charles Deaton: Sculptured House, USA -- Craig Ellwood: Palevsky House, USA -- Andrew Geller: Frank House, USA -- Jakob Halldor Gunnløgsson House, Denmark -- Charles Gwathmey: Gwathmey House & Studio, USA -- Philip Johnson: Glass House, USA -- John Lautner: Elrod House, USA -- Paulo Mendes da Rocha: Millán House, Brazil -- Ludwig Mies van der Rohe: Farnsworth House, USA -- Richard Neutra: Kaufmann Desert House, USA -- Oscar Niemeyer: Strick House, USA -- Bruce Rickard: Marshall House, Australia -- Harry Seidler: Rose Seidler House, Australia -- Alison & Peter Smithson: Upper Lawn Pavilion, UK -- Basil Spence: Spence House, UK -- Arthur Witthoefft: Witthoefft Hosue, USA -- III. A-Z of designers and makers. | |
| 520 |
_aThis definitive survey of one of the most popular collectible and dynamic periods of international design offers a rich overview of all aspects of the subject. Mid-century furniture, lighting, glass, ceramics, textiles, product design, industrial design, graphics, and posters are covered, as are interior design and architecture, exemplifying post-war optimism and energy, use of innovative and affordable materials and forms of mass manufacture, and newly developed precepts of "good design."-- _cSource other than Library of Congress. |
||
| 648 | 7 |
_a1900 - 1999 _2fast _99118 |
|
| 650 | 0 |
_aDesign _xHistory _y20th century. _915605 |
|
| 650 | 0 |
_aIndustrial design _xHistory _y20th century. _915606 |
|
| 650 | 0 |
_aFurniture design _xHistory _y20th century. _915607 |
|
| 650 | 0 |
_aArchitecture, Modern _y20th century. _912936 |
|
| 650 | 0 |
_aModern movement (Architecture) _915624 |
|
| 650 | 0 |
_aModernism (Aesthetics) _915625 |
|
| 650 | 7 |
_aArchitecture, Modern. _2fast _0(OCoLC)fst00813842 _912937 |
|
| 650 | 7 |
_aDesign. _2fast _0(OCoLC)fst00891253 _94788 |
|
| 650 | 7 |
_aFurniture design. _2fast _0(OCoLC)fst00936534 _915386 |
|
| 650 | 7 |
_aIndustrial design. _2fast _0(OCoLC)fst01730190 _915186 |
|
| 650 | 7 |
_aModern movement (Architecture) _2fast _0(OCoLC)fst01024437 _915624 |
|
| 650 | 7 |
_aModernism (Aesthetics) _2fast _0(OCoLC)fst01024439 _915625 |
|
| 655 | 7 |
_aHistory. _2fast _0(OCoLC)fst01411628 _97569 |
|
| 856 | 4 | 2 |
_3Contributor biographical information _uhttp://www.loc.gov/catdir/enhancements/fy1511/2014930735-b.html |
| 856 | 4 | 2 |
_3Publisher description _uhttp://www.loc.gov/catdir/enhancements/fy1511/2014930735-d.html |
| 906 |
_a7 _bcbc _ccopycat _d2 _eepcn _f20 _gy-gencatlg |
||
| 942 |
_2lcc _cBK _h NK 2115 _i.2014 B73 _k(DAFA-FA) |
||
| 999 |
_c5782 _d5782 |
||